Производственный менеджмент: принятие и реализация управленческих решений: учебное пособие

Detalles Bibliográficos
Autor principal: Горелик О. М. Ольга Михайловна
Sumario:В пособии четко отражена отличительная особенность учебного курса «Производственный менеджмент»: всесторонне рассмотрен современный экономический механизм управления производством, обеспечивающий производственную деятельность предприятия и решение его текущих и стратегических задач в условиях рынка и конкуренции. Для студентов, аспирантов и преподавателей экономических факультетов и пулов, а также экономистов и менеджеров организаций.
Lenguaje:ruso
Publicado: Москва, КноРус, 2010
Materias:
Formato: Libro
KOHA link:https://koha.lib.tpu.ru/cgi-bin/koha/opac-detail.pl?biblionumber=159406

MARC

LEADER 00000nam0a2200000 4500
001 159406
005 20231101222117.0
010 |a 9785390003084 
035 |a (RuTPU)RU\TPU\book\172897 
090 |a 159406 
100 |a 20090508d2010 m y0rusy50 ca 
101 0 |a rus 
102 |a RU 
105 |a y j 001zy 
200 1 |a Производственный менеджмент: принятие и реализация управленческих решений  |e учебное пособие  |f О. М. Горелик 
210 |a Москва  |c КноРус  |d 2010 
215 |a 270 с. 
320 |a Библиогр.: с.267-270. 
320 |a Словарь терминов: с. 263-264. 
330 |a В пособии четко отражена отличительная особенность учебного курса «Производственный менеджмент»: всесторонне рассмотрен современный экономический механизм управления производством, обеспечивающий производственную деятельность предприятия и решение его текущих и стратегических задач в условиях рынка и конкуренции. Для студентов, аспирантов и преподавателей экономических факультетов и пулов, а также экономистов и менеджеров организаций. 
606 1 |a Производственный менеджмент  |2 stltpush  |3 (RuTPU)RU\TPU\subj\68602  |9 83809 
606 1 |a Управленческие решения  |x Принятие  |2 stltpush  |3 (RuTPU)RU\TPU\subj\37173  |9 58293 
610 1 |a экономика 
610 1 |a производство 
610 1 |a прикладная информатика 
610 1 |a организационная структура 
610 1 |a производственная структура 
610 1 |a планирование 
610 1 |a запасы 
610 1 |a производственные программы 
610 1 |a товарно-материальные запасы 
610 1 |a управление 
610 1 |a продукция 
610 1 |a управленческий контроль 
610 1 |a качество 
610 1 |a учебные пособия 
686 |a У9(2)29-2я73  |v LBC/SL-A  |2 rubbk 
700 1 |a Горелик  |b О. М.  |g Ольга Михайловна 
801 1 |a RU  |b 63413507  |c 20090508  |g PSBO 
801 2 |a RU  |b 63413507  |c 20130920  |g RCR 
942 |c BK 
959 |a 57/20090429  |d 1  |e 120,00  |f ЧЗГЛ:1 
959 |a 97/20090921  |d 1  |e 120,00  |f ЧЗГЛ:1